[Event "Mitropa Cup (Women)"]
[Site "Corte"]
[Date "2022.05.05"]
[Round "6.4"]
[White "Leconte, Maria"]
[Black "Gueci, Tea"]
[Result "0-1"]
[WhiteElo "2240"]
[BlackElo "2243"]
[PlyCount "138"]
[EventDate "2022.04.30"]
[EventType "team-tourn"]
[EventRounds "9"]
[EventCountry "FRA"]
[SourceTitle "CBM 208 Extra"]
[Source "ChessBase"]
[SourceDate "2022.07.31"]
[SourceVersion "1"]
[SourceVersionDate "2022.07.31"]
[SourceQuality "1"]
[WhiteTeam "France (W)"]
[BlackTeam "Italy (W)"]
[WhiteTeamCountry "FRA"]
[BlackTeamCountry "ITA"]

1. e4 c5 2. Nc3 a6 3. g3 b5 4. a4 b4 5. Nd5 e6 6. Ne3 Bb7 7. Bg2 Nc6 8. d3 d6 9. Nh3 Nf6 10. 0-0 Be7 11. f4 h5 12. f5 e5 13. c3 a5 14. Qb3 Ba6 15. Ng5 Rf8 16. Qd1 Ng4 17. f6 gxf6 18. Nh7 Rg8 19. Nd5 Rg7 20. h3 Rxh7 21. hxg4 h4 22. gxh4 Rxh4 23. Qf3 Bc8 24. g5 Bg4 25. Qf2 Rh8 26. gxf6 Bf8 27. Qg3 Be6 28. Be3 Rb8 29. Rab1 Kd7 30. d4 cxd4 31. cxd4 Bh6 32. dxe5 Rg8 33. Qh4 Bxe3+ 34. Nxe3 Qb6 35. Qf4 Nxe5 36. Rbd1 Nc4 37. Rfe1 Rg4 38. Qf2 Nxe3 39. Qxe3 Qxe3+ 40. Rxe3 Rbg8 41. Rd2 Kc7 42. Rc2+ Kb8 43. Rd3 d5 44. Kf1 dxe4 45. Re3 Bd5 46. Bh3 Rf4+ 47. Ke2 Bb7 48. Rc5 Ba6+ 49. Kd1 Rg1+ 50. Re1 Rxe1+ 51. Kxe1 e3 52. Rxa5 Rxf6 53. Re5 e2 54. Bf5 Rh6 55. Bc2 Rh1+ 56. Kd2 f5 57. Re8+ Kc7 58. a5 f4 59. Re7+ Kd6 60. Rxe2 Bxe2 61. Kxe2 Rh2+ 62. Kd3 Kc5 63. b3 Kb5 64. Bd1 Rh1 65. Be2 Kxa5 66. Ke4 Rh4 67. Bf3 Kb5 68. Kd4 Rh3 69. Bd5 Rc3 0-1

[Event "Mitropa Cup (Women)"]
[Site "Corte"]
[Date "2022.05.01"]
[Round "2.3"]
[White "Bashylina, Luisa"]
[Black "Leconte, Maria"]
[Result "1/2-1/2"]
[WhiteElo "2043"]
[BlackElo "2240"]
[PlyCount "68"]
[EventDate "2022.04.30"]
[EventType "team-tourn"]
[EventRounds "9"]
[EventCountry "FRA"]
[SourceTitle "CBM 208 Extra"]
[Source "ChessBase"]
[SourceDate "2022.07.31"]
[SourceVersion "1"]
[SourceVersionDate "2022.07.31"]
[SourceQuality "1"]
[WhiteTeam "Germany (W)"]
[BlackTeam "France (W)"]
[WhiteTeamCountry "GER"]
[BlackTeamCountry "FRA"]

1. d4 e6 2. c4 f5 3. g3 Nf6 4. Bg2 c6 5. Nf3 d5 6. 0-0 Bd6 7. b3 Qe7 8. Bb2 0-0 9. Ne5 b6 10. Qc2 Bb7 11. Nd2 Na6 12. a3 Rac8 13. b4 c5 14. dxc5 bxc5 15. b5 Nb8 16. e3 Qc7 17. f4 Nbd7 18. Ndf3 Ne4 19. Nxd7 Qxd7 20. Ne5 Qe7 21. Rfd1 Bxe5 22. Bxe5 Rfd8 23. Qa4 Ba8 24. Rac1 dxc4 25. Qxc4 Nd2 26. Qe2 Bxg2 27. Qxg2 Ne4 28. g4 Rxd1+ 29. Rxd1 Rd8 30. Rxd8+ Qxd8 31. gxf5 Qd1+ 32. Qf1 Qg4+ 33. Qg2 Qd1+ 34. Qf1 Qg4+ 1/2-1/2

[Event "FRA-chT Top 12 final (Women)"]
[Site "Cesson Sevigne"]
[Date "2021.08.29"]
[Round "2.2"]
[White "Leconte, Maria"]
[Black "Thomas, Apolline"]
[Result "1-0"]
[WhiteElo "2232"]
[BlackElo "1954"]
[PlyCount "53"]
[EventDate "2021.08.28"]
[EventType "team-k.o."]
[EventRounds "2"]
[EventCountry "FRA"]
[SourceTitle "CBM 204 Extra"]
[Source "ChessBase"]
[SourceDate "2021.11.30"]
[SourceVersion "1"]
[SourceVersionDate "2021.11.30"]
[SourceQuality "1"]
[WhiteTeam "Monaco (W)"]
[BlackTeam "Mulhouse Philidor (W)"]
[WhiteTeamCountry "MNC"]
[BlackTeamCountry "FRA"]

1. Nf3 d5 2. g3 Nf6 3. Bg2 Bf5 4. d3 Nc6 5. Nh4 g6 6. Nxf5 gxf5 7. c4 e6 8. cxd5 Nxd5 9. Nc3 Bg7 10. Nxd5 exd5 11. 0-0 Qd7 12. Rb1 0-0-0 13. b4 h5 14. b5 Nd4 15. a4 h4 16. Bg5 hxg3 17. Bxd8 gxh2+ 18. Kh1 Qxd8 19. e3 Ne6 20. Qf3 f4 21. a5 c6 22. a6 bxa6 23. bxc6 Qc7 24. Qxd5 Rd8 25. Qc4 Qe5 26. Qxa6+ Kc7 27. Rb7+ 1-0

[Event "FRA-chT Top 12 final (Women)"]
[Site "Cesson Sevigne"]
[Date "2021.08.28"]
[Round "1.1"]
[White "Leconte, Maria"]
[Black "Broly, Mathilde"]
[Result "1-0"]
[WhiteElo "2232"]
[BlackElo "2154"]
[PlyCount "89"]
[EventDate "2021.08.28"]
[EventType "team-k.o."]
[EventRounds "2"]
[EventCountry "FRA"]
[SourceTitle "CBM 204 Extra"]
[Source "ChessBase"]
[SourceDate "2021.11.30"]
[SourceVersion "1"]
[SourceVersionDate "2021.11.30"]
[SourceQuality "1"]
[WhiteTeam "Monaco (W)"]
[BlackTeam "Asnieres (W)"]
[WhiteTeamCountry "MNC"]
[BlackTeamCountry "FRA"]

1. e4 e5 2. Nf3 Nc6 3. Nc3 Nf6 4. Bb5 Bd6 5. d3 h6 6. a3 0-0 7. g4 Nd4 8. Bc4 Nxg4 9. Rg1 Qf6 10. Rxg4 Nxf3+ 11. Ke2 c6 12. Rg3 Nd4+ 13. Kf1 Ne6 14. Qh5 Kh7 15. Bxe6 Qxe6 16. Be3 f5 17. exf5 Rxf5 18. Qg4 Rf7 19. Qxe6 dxe6 20. Ne4 Be7 21. Ke2 b6 22. a4 Bb7 23. a5 c5 24. Nd2 b5 25. a6 Bc6 26. Ne4 Bxe4 27. dxe4 Bf8 28. Ra5 Rb8 29. Bd2 b4 30. Be3 Rc7 31. b3 Rc6 32. Rg1 Rbb6 33. Rga1 Kg6 34. Kd3 Kh5 35. Kc4 g5 36. f3 Be7 37. R1a4 Kh4 38. Bf2+ Kh3 39. Kd3 Kxh2 40. Ra1 h5 41. R5a2 Kh3 42. Ke2 g4 43. Rh1+ Kg2 44. Rg1+ Kh3 45. Raa1 1-0

[Event "EU-Cup Online Gr-B (Women)"]
[Site "Tornelo INT"]
[Date "2020.12.20"]
[Round "6.2"]
[White "Leconte, Maria"]
[Black "Ushenina, Anna"]
[Result "0-1"]
[WhiteElo "2232"]
[BlackElo "2416"]
[PlyCount "72"]
[EventDate "2020.12.19"]
[EventType "team-tourn (rapid)"]
[EventRounds "7"]
[EventCountry "ISS"]
[SourceTitle "CBM 199 Extra"]
[Source "ChessBase"]
[SourceDate "2021.01.31"]
[SourceVersion "1"]
[SourceVersionDate "2021.01.31"]
[SourceQuality "1"]
[WhiteTeam "Monte Carlo (W) II"]
[BlackTeam "Kiev Greco (W)"]
[WhiteTeamCountry "MNC"]
[BlackTeamCountry "UKR"]

1. e4 e5 2. Nf3 Nf6 3. Nc3 Bb4 4. Bc4 Bxc3 5. dxc3 d6 6. Qe2 0-0 7. Bg5 Be6 8. 0-0-0 Nbd7 9. Kb1 Qb8 10. Nh4 b5 11. Bxb5 Qb7 12. Bc1 Qxe4 13. Qxe4 Nxe4 14. Bxd7 Bxd7 15. Be3 f5 16. f3 Nf6 17. g3 Bc6 18. Rhf1 Nd5 19. Bd2 f4 20. c4 Nb6 21. gxf4 Nxc4 22. f5 Nxd2+ 23. Rxd2 Bd7 24. Rg2 Bxf5 25. Rfg1 g6 26. Rg5 Bd7 27. Nxg6 hxg6 28. Rxg6+ Kf7 29. Rg7+ Ke6 30. R1g6+ Kf5 31. h4 Rad8 32. h5 Kf4 33. h6 Bf5 34. Rg1 Rd7 35. h7 Rxg7 36. Rxg7 Rh8 0-1

[Event "EU-Cup Online Gr-B (Women)"]
[Site "Tornelo INT"]
[Date "2020.12.19"]
[Round "1.3"]
[White "Leconte, Maria"]
[Black "Kubicka, Anna"]
[Result "0-1"]
[WhiteElo "2232"]
[BlackElo "2256"]
[PlyCount "90"]
[EventDate "2020.12.19"]
[EventType "team-tourn (rapid)"]
[EventRounds "7"]
[EventCountry "ISS"]
[SourceTitle "CBM 199 Extra"]
[Source "ChessBase"]
[SourceDate "2021.01.31"]
[SourceVersion "1"]
[SourceVersionDate "2021.01.31"]
[SourceQuality "1"]
[WhiteTeam "Monte Carlo (W) II"]
[BlackTeam "Poland Hussars (W)"]
[WhiteTeamCountry "MNC"]
[BlackTeamCountry "POL"]

1. e4 c5 2. c3 Nf6 3. e5 Nd5 4. d4 cxd4 5. Nf3 Nc6 6. cxd4 d6 7. Bc4 Nb6 8. Bb5 dxe5 9. Nxe5 Bd7 10. Nc3 e6 11. Qf3 Nxe5 12. dxe5 Bxb5 13. Nxb5 Bb4+ 14. Ke2 0-0 15. a3 Qd7 16. Qd3 Qxd3+ 17. Kxd3 Rfd8+ 18. Ke2 a6 19. Bg5 Rd5 20. Nc7 Rxe5+ 21. Be3 Rc8 22. Rac1 Bd6 23. Rhd1 Rd8 24. Rxd6 Rxd6 25. f4 Re4 26. Kf3 f5 27. Rc3 Nc4 28. Bc5 Rc6 29. Rd3 Rxc7 30. Rd8+ Kf7 31. Rf8+ Kg6 32. Bb4 h6 33. h4 Nxb2 34. g4 Nd3 35. h5+ Kh7 36. Bd6 Rd7 37. g5 hxg5 38. fxg5 Rxd6 39. g6+ Kh6 40. Rh8+ Kg5 41. Rh7 Ne5+ 42. Kf2 Ng4+ 43. Kf1 Rd2 44. h6 Nh2+ 45. Kg1 Nf3+ 0-1

[Event "Monte Carlo Cup (Women)"]
[Site "Europe Echecs INT"]
[Date "2020.10.05"]
[Round "1.3"]
[White "Cramling, Pia"]
[Black "Leconte, Maria"]
[Result "1/2-1/2"]
[WhiteElo "2464"]
[BlackElo "2244"]
[PlyCount "122"]
[EventDate "2020.10.05"]
[EventType "k.o. (blitz)"]
[EventRounds "2"]
[EventCountry "FRA"]
[SourceTitle "CBM 198 Extra"]
[Source "ChessBase"]
[SourceDate "2020.11.30"]
[SourceVersion "1"]
[SourceVersionDate "2020.11.30"]
[SourceQuality "1"]

1. Nf3 Nf6 2. c4 e6 3. Nc3 d5 4. d4 Bb4 5. Qa4+ Nc6 6. e3 0-0 7. Bd2 Bd7 8. Qc2 Re8 9. a3 Bf8 10. Bd3 dxc4 11. Bxc4 e5 12. Ng5 Re7 13. d5 Nb8 14. d6 cxd6 15. Nd5 e4 16. Nxe7+ Qxe7 17. Bxf7+ Kh8 18. Ba2 d5 19. Bb4 Qe8 20. Bxf8 Qxf8 21. h4 Nc6 22. Qc3 Rc8 23. Rd1 Bg4 24. f3 exf3 25. gxf3 Bxf3 26. Rf1 Bxd1 27. Kxd1 Qe8 28. Rxf6 d4 29. Nf7+ Qxf7 30. Rxf7 dxc3 31. bxc3 Ne5 32. Rxb7 a5 33. Ra7 Nc6 34. Rb7 h6 35. Bd5 Rd8 36. e4 g5 37. hxg5 hxg5 38. Ke2 Ne5 39. Re7 Ng6 40. Ra7 g4 41. Kf2 Rf8+ 42. Kg3 Ne5 43. Rxa5 Rf3+ 44. Kg2 Rxc3 45. Ra8+ Kh7 46. a4 Ng6 47. Ra7+ Kh6 48. Ra6 Kg5 49. Rc6 Nf4+ 50. Kf1 Rf3+ 51. Kg1 g3 52. Rc2 Nh3+ 53. Kg2 Rf2+ 54. Rxf2 gxf2 55. a5 Kf4 56. a6 Ke3 57. Bc4 Nf4+ 58. Kf1 Nh5 59. Kg2 Nf4+ 60. Kf1 Nh5 61. Kg2 Nf4+ 1/2-1/2

[Event "Monte Carlo Cup (Women)"]
[Site "Europe Echecs INT"]
[Date "2020.10.05"]
[Round "1.6"]
[White "Leconte, Maria"]
[Black "Cramling, Pia"]
[Result "1-0"]
[WhiteElo "2244"]
[BlackElo "2464"]
[PlyCount "53"]
[EventDate "2020.10.05"]
[EventType "k.o. (blitz)"]
[EventRounds "2"]
[EventCountry "FRA"]
[SourceTitle "CBM 198 Extra"]
[Source "ChessBase"]
[SourceDate "2020.11.30"]
[SourceVersion "1"]
[SourceVersionDate "2020.11.30"]
[SourceQuality "1"]

1. e4 c5 2. c3 d5 3. exd5 Qxd5 4. d4 Nf6 5. Nf3 e6 6. Be3 cxd4 7. cxd4 Be7 8. Nc3 Qd6 9. Bd3 0-0 10. 0-0 Nc6 11. a3 b6 12. Qe2 Bb7 13. Rad1 Rad8 14. Bb1 Rfe8 15. Qc2 g6 16. Rfe1 Qb8 17. Ba2 Rc8 18. Qe2 Ng4 19. Bc1 Bf8 20. h3 Nf6 21. Ng5 Rcd8 22. Qf3 Bg7 23. Nce4 Nxe4 24. Qxf7+ Kh8 25. Rxe4 Rf8 26. Qxe6 Nxd4 27. Qg8+ 1-0

[Event "FRA-ch (Women)"]
[Site "Chartres"]
[Date "2019.08.22"]
[Round "6"]
[White "Leconte, Maria"]
[Black "Monpeurt, Cyrielle"]
[Result "1-0"]
[WhiteElo "2252"]
[BlackElo "2171"]
[PlyCount "111"]
[EventDate "2019.08.17"]
[EventType "tourn"]
[EventRounds "9"]
[EventCountry "FRA"]
[SourceTitle "EXT 2020"]
[Source "ChessBase"]
[SourceDate "2019.10.17"]
[SourceVersion "1"]
[SourceVersionDate "2019.10.17"]
[SourceQuality "1"]

1. e4 e5 2. Nf3 Nc6 3. Bb5 a6 4. Ba4 Nf6 5. d3 b5 6. Bb3 Be7 7. Nc3 d6 8. a3 Na5 9. Ba2 c5 10. Nd5 Nxd5 11. Bxd5 Bb7 12. b4 Bxd5 13. exd5 Nb7 14. 0-0 0-0 15. c3 Bf6 16. Nd2 Bg5 17. Ne4 Bxc1 18. Qxc1 Rc8 19. f4 f6 20. Qd2 Qd7 21. Rac1 Rc7 22. c4 Rfc8 23. fxe5 fxe5 24. Ng5 Qg4 25. Ne6 Re7 26. Qf2 h6 27. h3 Qg6 28. Qh4 Rxe6 29. dxe6 Qxe6 30. Qe4 Nd8 31. cxb5 axb5 32. bxc5 dxc5 33. d4 exd4 34. Qd3 Qd7 35. Rce1 Nf7 36. Re4 Re8 37. Rf5 Rxe4 38. Qxe4 Ng5 39. Qa8+ Kh7 40. Rxc5 Qe7 41. Qd5 Ne4 42. Rc6 Ng3 43. Qe6 Qg5 44. h4 Qh5 45. Kf2 Nh1+ 46. Ke1 Qxh4+ 47. Kd2 Qg5+ 48. Kd3 Ng3 49. Kxd4 Nf5+ 50. Kd3 Qg3+ 51. Ke4 Qg4+ 52. Ke5 Qe2+ 53. Kxf5 Qf2+ 54. Ke5 Qg3+ 55. Kd5 Qxg2+ 56. Qe4+ 1-0

[Event "FRA-chT Top 12 final (Women)"]
[Site "Saint Quentin"]
[Date "2019.06.30"]
[Round "2.1"]
[White "Fischer, Julie"]
[Black "Leconte, Maria"]
[Result "0-1"]
[WhiteElo "2058"]
[BlackElo "2245"]
[PlyCount "78"]
[EventDate "2019.06.29"]
[EventType "team-k.o."]
[EventRounds "2"]
[EventCountry "FRA"]
[SourceTitle "CBM 191 Extra"]
[Source "ChessBase"]
[SourceDate "2019.09.30"]
[SourceVersion "1"]
[SourceVersionDate "2019.09.30"]
[SourceQuality "1"]
[WhiteTeam "Bischwiller (W)"]
[BlackTeam "Monaco (W)"]
[WhiteTeamCountry "FRA"]
[BlackTeamCountry "MNC"]

1. e4 c5 2. Nf3 g6 3. Nc3 Bg7 4. Bc4 Nc6 5. d3 d6 6. Be3 Nf6 7. Qd2 0-0 8. Bh6 Bg4 9. Bxg7 Kxg7 10. Nh4 Nd4 11. f3 Bd7 12. Ne2 Nxe2 13. Qxe2 e6 14. g3 d5 15. Bb3 c4 16. dxc4 dxe4 17. 0-0-0 Qc7 18. fxe4 e5 19. Nf3 a5 20. a3 a4 21. Ba2 Rac8 22. c3 Be6 23. Ng5 Bg4 24. Nf3 h6 25. Rhf1 Be6 26. Nd2 b5 27. Rde1 Nd7 28. b4 axb3 29. Bxb3 Qa5 30. Nb1 Nc5 31. Ba2 Na4 32. Qd2 bxc4 33. h4 Rfd8 34. Qf2 Nxc3 35. Qf6+ Kh7 36. Kb2 Rb8+ 37. Ka1 Nxb1 38. Re3 Nxa3 39. Rc1 Nc2+ 0-1

[Event "FRA-chT Top 12"]
[Site "Brest"]
[Date "2019.05.27"]
[Round "10.6"]
[White "Demuth, Adrien"]
[Black "Leconte, Maria"]
[Result "1-0"]
[WhiteElo "2517"]
[BlackElo "2246"]
[PlyCount "47"]
[EventDate "2019.05.18"]
[EventType "team-tourn"]
[EventRounds "11"]
[EventCountry "FRA"]
[SourceTitle "CBM 190 Extra"]
[Source "ChessBase"]
[SourceDate "2019.07.15"]
[SourceVersion "1"]
[SourceVersionDate "2019.07.15"]
[SourceQuality "1"]
[WhiteTeam "Nice Alekhine"]
[BlackTeam "Monaco"]
[WhiteTeamCountry "FRA"]
[BlackTeamCountry "FRA"]

1. Nf3 d5 2. d4 c5 3. c4 e6 4. cxd5 exd5 5. Nc3 Nc6 6. dxc5 d4 7. Na4 Bxc5 8. Nxc5 Qa5+ 9. Bd2 Qxc5 10. b4 Qb6 11. Qa4 a6 12. e3 dxe3 13. fxe3 Bd7 14. b5 Nd8 15. Qa3 Ne7 16. Bb4 Nd5 17. Bd2 Ra7 18. bxa6 bxa6 19. Bc4 Be6 20. e4 Nb4 21. Bxb4 Bxc4 22. Bc5 Qg6 23. Bxa7 Qxg2 24. 0-0-0 1-0

[Event "FRA-chT Top 12"]
[Site "Brest"]
[Date "2019.05.26"]
[Round "9.8"]
[White "Leconte, Maria"]
[Black "Bolon, Karelle"]
[Result "1/2-1/2"]
[WhiteElo "2246"]
[BlackElo "2018"]
[PlyCount "84"]
[EventDate "2019.05.18"]
[EventType "team-tourn"]
[EventRounds "11"]
[EventCountry "FRA"]
[SourceTitle "CBM 190 Extra"]
[Source "ChessBase"]
[SourceDate "2019.07.15"]
[SourceVersion "1"]
[SourceVersionDate "2019.07.15"]
[SourceQuality "1"]
[WhiteTeam "Monaco"]
[BlackTeam "Tours Hauts de France St Quentin"]
[WhiteTeamCountry "FRA"]
[BlackTeamCountry "FRA"]

1. e4 c5 2. Nf3 e6 3. d4 cxd4 4. Nxd4 Nf6 5. Nc3 Bb4 6. e5 Nd5 7. Bd2 Nxc3 8. bxc3 Be7 9. Qg4 g6 10. Bd3 Qa5 11. Qg3 Nc6 12. Nb5 a6 13. c4 Nb4 14. Nd6+ Bxd6 15. exd6 Nxd3+ 16. cxd3 Qf5 17. 0-0 b5 18. Rfe1 h5 19. Bc3 h4 20. Qe3 Rh5 21. h3 Bb7 22. f4 f6 23. Bd4 Kf7 24. Rac1 g5 25. Rf1 g4 26. cxb5 axb5 27. Rc7 Bc6 28. Rc1 Kg6 29. R7xc6 dxc6 30. Rc5 e5 31. fxe5 gxh3 32. e6 Qg4 33. Qe4+ Qxe4 34. dxe4 Rh7 35. gxh3 Re8 36. e7 Kf7 37. d7 Rg8+ 38. Kf2 Kxe7 39. Rxc6 Kxd7 40. Rxf6 Ra8 41. Rb6 Rf7+ 42. Bf6 Kc7 1/2-1/2

[Event "FRA-chT Top 12"]
[Site "Brest"]
[Date "2019.05.25"]
[Round "8.4"]
[White "Istratescu, Andrei"]
[Black "Leconte, Maria"]
[Result "1/2-1/2"]
[WhiteElo "2555"]
[BlackElo "2246"]
[PlyCount "123"]
[EventDate "2019.05.18"]
[EventType "team-tourn"]
[EventRounds "11"]
[EventCountry "FRA"]
[SourceTitle "CBM 190 Extra"]
[Source "ChessBase"]
[SourceDate "2019.07.15"]
[SourceVersion "1"]
[SourceVersionDate "2019.07.15"]
[SourceQuality "1"]
[WhiteTeam "Mulhouse"]
[BlackTeam "Monaco"]
[WhiteTeamCountry "FRA"]
[BlackTeamCountry "FRA"]

1. d4 d5 2. c4 e6 3. Nf3 c5 4. cxd5 exd5 5. Bg5 Be7 6. Bxe7 Nxe7 7. dxc5 Qa5+ 8. Qd2 Qxc5 9. Qc3 Na6 10. e3 Qxc3+ 11. Nxc3 Nc7 12. Rc1 Bd7 13. Kd2 0-0 14. Bd3 Ne6 15. Ne2 Nc6 16. Bb5 Nb8 17. Ned4 Bxb5 18. Nxb5 Nc6 19. Rc3 Rfd8 20. Nbd4 Nexd4 21. Nxd4 Nxd4 22. exd4 Rd7 23. Re1 Kf8 24. Re5 f6 25. Rh5 h6 26. Rc5 Rad8 27. Rh3 Re8 28. Re3 Rxe3 29. Kxe3 Kf7 30. h4 Ke6 31. f3 h5 32. Kf4 g5+ 33. Kg3 Rg7 34. hxg5 fxg5 35. Rc8 Rf7 36. Re8+ Re7 37. Rh8 Kf5 38. Rxh5 Re2 39. b3 Rxa2 40. Rh7 Rd2 41. Rf7+ Kg6 42. Rxb7 Rxd4 43. Rxa7 Rb4 44. Ra3 Kf5 45. Kf2 d4 46. Ke2 Kf4 47. Kf2 Rb5 48. g3+ Kf5 49. g4+ Ke5 50. Ke2 Kf4 51. Kd3 Kxf3 52. Kxd4 Kxg4 53. Kc4 Rb8 54. b4 Kf4 55. b5 g4 56. Kc5 g3 57. Ra1 g2 58. Rg1 Kf3 59. b6 Kf2 60. Rxg2+ Kxg2 61. Kc6 Rxb6+ 62. Kxb6 1/2-1/2

[Event "FRA-ch (Women)"]
[Site "Nimes"]
[Date "2018.08.26"]
[Round "9"]
[White "Leconte, Maria"]
[Black "Milliet, Sophie"]
[Result "1/2-1/2"]
[WhiteElo "2224"]
[BlackElo "2389"]
[PlyCount "95"]
[EventDate "2018.08.18"]
[EventType "tourn"]
[EventRounds "9"]
[EventCountry "FRA"]
[SourceTitle "CBM 186 Extra"]
[Source "ChessBase"]
[SourceDate "2018.08.24"]
[SourceVersion "1"]
[SourceVersionDate "2018.08.24"]
[SourceQuality "1"]

1. e4 c5 2. Nf3 e6 3. c3 Nf6 4. e5 Nd5 5. d4 cxd4 6. cxd4 d6 7. Bc4 Be7 8. 0-0 0-0 9. Qe2 b6 10. Rd1 Bb7 11. Bxd5 exd5 12. Nc3 Na6 13. Bf4 Nc7 14. exd6 Bxd6 15. Bxd6 Qxd6 16. Qe5 Qd7 17. Qh5 f6 18. Re1 Rfe8 19. Rxe8+ Rxe8 20. Re1 g6 21. Qh6 Ne6 22. Qd2 Bc6 23. h3 Qd6 24. Re3 Rc8 25. Nh2 h5 26. Nf3 Be8 27. Ne2 Kg7 28. Rc3 Rxc3 29. Qxc3 Bb5 30. Qe3 Bxe2 31. Qxe2 Qc6 32. Qd2 Qc4 33. b3 Qc7 34. g3 Kf7 35. Ne1 Qe7 36. Nf3 Qc7 37. h4 Ng7 38. Ne1 Nf5 39. Nc2 Qe7 40. Ne3 Nxe3 41. fxe3 Qc7 42. Kg2 Kg7 43. Kf2 b5 44. Qb4 Qc2+ 45. Kf3 Qd1+ 46. Kf2 Qc2+ 47. Kf3 Qd1+ 48. Kf2 1/2-1/2

[Event "FRA-ch (Women)"]
[Site "Nimes"]
[Date "2018.08.24"]
[Round "7"]
[White "Leconte, Maria"]
[Black "Navrotescu, Andreea Cristiana"]
[Result "1-0"]
[WhiteElo "2224"]
[BlackElo "2247"]
[PlyCount "127"]
[EventDate "2018.08.18"]
[EventType "tourn"]
[EventRounds "9"]
[EventCountry "FRA"]
[SourceTitle "CBM 186 Extra"]
[Source "ChessBase"]
[SourceDate "2018.08.24"]
[SourceVersion "1"]
[SourceVersionDate "2018.08.24"]
[SourceQuality "1"]

1. e4 e5 2. Nf3 Nc6 3. Nc3 Nf6 4. Bb5 Bd6 5. d3 a6 6. Bc4 h6 7. a3 b5 8. Ba2 Bc5 9. Nxe5 Nxe5 10. d4 Bd6 11. f4 Nc4 12. e5 0-0 13. 0-0 Be7 14. exf6 Bxf6 15. Bxc4 bxc4 16. Nd5 Bb7 17. Ne3 Qe7 18. c3 Qe4 19. Qg4 c5 20. d5 Bxd5 21. Nxd5 Qxd5 22. f5 Kh7 23. Rd1 Qe5 24. Qxc4 Qxf5 25. Be3 Rfe8 26. Bxc5 Re4 27. Bd4 Rae8 28. Rf1 Qg6 29. Rad1 Re2 30. Bf2 Rxb2 31. Rxd7 Ree2 32. Rxf7 Re4 33. Qd3 Be5 34. Bg3 Bxg3 35. hxg3 Rb5 36. R7f4 Rbe5 37. c4 h5 38. Rxe4 Rxe4 39. c5 Kh6 40. Qd2+ Kh7 41. Rf4 Re5 42. Qc3 Rg5 43. Kh2 Qc6 44. Qc2+ Kg8 45. Rf5 Rg6 46. Rxh5 Rh6 47. g4 Qf6 48. Qc4+ Kf8 49. Qe4 Kg8 50. Qe8+ Kh7 51. Rxh6+ gxh6 52. Qe4+ Kg7 53. c6 Qd6+ 54. g3 Qxa3 55. Qe5+ Kg6 56. c7 Qa2+ 57. Kg1 Qb1+ 58. Kf2 Qc2+ 59. Ke3 Qc1+ 60. Kd4 Qd1+ 61. Kc5 Qxg4 62. Qe8+ Kf6 63. Qf8+ Ke5 64. Qe7+ 1-0

[Event "FRA-ch (Women)"]
[Site "Nimes"]
[Date "2018.08.18"]
[Round "1"]
[White "Leconte, Maria"]
[Black "Haussernot, Cecile"]
[Result "0-1"]
[WhiteElo "2224"]
[BlackElo "2198"]
[PlyCount "74"]
[EventDate "2018.08.18"]
[EventType "tourn"]
[EventRounds "9"]
[EventCountry "FRA"]
[SourceTitle "CBM 186 Extra"]
[Source "ChessBase"]
[SourceDate "2018.08.24"]
[SourceVersion "1"]
[SourceVersionDate "2018.08.24"]
[SourceQuality "1"]

1. e4 e6 2. d4 d5 3. Nc3 Nf6 4. e5 Nfd7 5. f4 c5 6. Nf3 Nc6 7. Be3 Be7 8. Qd2 0-0 9. Be2 b6 10. 0-0 f5 11. Nd1 cxd4 12. Nxd4 Nxd4 13. Bxd4 Nc5 14. Nf2 Qc7 15. Qc3 a5 16. a3 Ba6 17. Bxa6 Rxa6 18. b4 Ra7 19. Rfd1 Na4 20. Qb3 Qc6 21. c3 Rc7 22. Rdc1 Rfc8 23. Nd1 Qb5 24. Rab1 axb4 25. axb4 g5 26. g3 gxf4 27. gxf4 Bh4 28. Rc2 Rg7+ 29. Rg2 Rxg2+ 30. Kxg2 Qe2+ 31. Nf2 Bxf2 32. Bxf2 Qe4+ 33. Kg1 Nxc3 34. Re1 Ne2+ 35. Kf1 Rc2 36. Bg3 Kh8 37. Qa3 Nxg3+ 0-1

[Event "FRA-chT Top 12"]
[Site "Brest"]
[Date "2018.06.01"]
[Round "7"]
[White "Leconte, Maria"]
[Black "Bollengier, Andreea"]
[Result "1-0"]
[WhiteElo "2208"]
[BlackElo "2260"]
[PlyCount "77"]
[EventDate "2018.05.26"]
[EventType "team-tourn"]
[EventRounds "11"]
[EventCountry "FRA"]
[SourceTitle "EXT 2019"]
[Source "ChessBase"]
[SourceDate "2018.10.10"]
[SourceVersion "1"]
[SourceVersionDate "2018.10.10"]
[SourceQuality "1"]
[WhiteTeam "Bois Colombes"]
[BlackTeam "Nice Alekhine"]
[WhiteTeamCountry "FRA"]
[BlackTeamCountry "FRA"]

1. e4 c6 2. d4 d5 3. e5 Bf5 4. g4 Bg6 5. h4 h5 6. e6 fxe6 7. g5 c5 8. Nf3 Nc6 9. Ne5 Bf5 10. Nc3 cxd4 11. Nxc6 bxc6 12. Qxd4 e5 13. Qxe5 e6 14. Bd3 Qd6 15. Qxd6 Bxd6 16. Bxf5 exf5 17. Ne2 Rb8 18. Bf4 Bxf4 19. Nxf4 Ne7 20. 0-0-0 Rb4 21. Nd3 Ra4 22. Rde1 Rxa2 23. Kb1 Ra4 24. f3 Ra5 25. Re6 Kd7 26. Rhe1 Nc8 27. Rg6 Kc7 28. Ree6 Rg8 29. Rxc6+ Kb8 30. Rce6 Rb5 31. Nf4 Rb4 32. Nxh5 Rxh4 33. Nf6 Rd8 34. Rxg7 Rh1+ 35. Ka2 Rf1 36. Nd7+ Ka8 37. Ne5 Rf2 38. Nc6 Rh8 39. Ree7 1-0

[Event "FRA-chT Top 12"]
[Site "Brest"]
[Date "2018.05.28"]
[Round "3"]
[White "Leconte, Maria"]
[Black "Steil Antoni, Fiona"]
[Result "1-0"]
[WhiteElo "2208"]
[BlackElo "2200"]
[PlyCount "95"]
[EventDate "2018.05.26"]
[EventType "team-tourn"]
[EventRounds "11"]
[EventCountry "FRA"]
[SourceTitle "EXT 2019"]
[Source "ChessBase"]
[SourceDate "2018.10.10"]
[SourceVersion "1"]
[SourceVersionDate "2018.10.10"]
[SourceQuality "1"]
[WhiteTeam "Bois Colombes"]
[BlackTeam "Vandoeuvre"]
[WhiteTeamCountry "FRA"]
[BlackTeamCountry "FRA"]

1. Nf3 Nf6 2. g3 g6 3. Bg2 Bg7 4. 0-0 0-0 5. d4 d6 6. Nc3 Nbd7 7. e4 e5 8. Re1 c6 9. a4 b6 10. dxe5 dxe5 11. b3 Re8 12. Ba3 Bb7 13. Nd2 Bf8 14. Bxf8 Nxf8 15. Nc4 Qe7 16. Qd6 Rad8 17. Qxe7 Rxe7 18. Rad1 Rxd1 19. Rxd1 Ba6 20. Nd6 Ne6 21. b4 Nd4 22. b5 cxb5 23. axb5 Bb7 24. f4 Nxc2 25. Nxb7 Rxb7 26. Nd5 Ng4 27. Rd2 Na3 28. h3 Nh6 29. Bf1 exf4 30. gxf4 Kg7 31. Ra2 Nxb5 32. Bxb5 a5 33. Bc6 Rb8 34. Rb2 Ng8 35. Rxb6 Rxb6 36. Nxb6 g5 37. f5 h5 38. Kf2 h4 39. Nc4 Nf6 40. Kf3 Kh6 41. Nd6 Kh5 42. Nxf7 g4+ 43. hxg4+ Nxg4 44. e5 h3 45. Kg3 Nxe5 46. Nxe5 Kg5 47. Be4 a4 48. Nc4 1-0